00205nam a2200097Ia 4500100001800000654001300018245003200031260002400063300000800087546001200095 aVas/Luiss/ R  adynamics aDynamics of Mind management bJaicoaMumbaic1991 a166 aENGLISH